UM Logo

Compensation/ (Record no. 15010)

MARC details
000 -LEADER
fixed length control field 00670nam a22002057a 4500
008 - FIXED-LENGTH DATA ELEMENTS--GENERAL INFORMATION
fixed length control field 200205b ||||| |||| 00| 0 eng d
020 ## - INTERNATIONAL STANDARD BOOK NUMBER
International Standard Book Number 978-1-260-56561-4
082 ## - DEWEY DECIMAL CLASSIFICATION NUMBER
Edition number 2020
Classification number DC 658.32
Item number G315
100 ## - MAIN ENTRY--PERSONAL NAME
Personal name Gerhart, Barry
9 (RLIN) 41667
245 ## - TITLE STATEMENT
Title Compensation/
Statement of responsibility, etc. Barry Gerhart and Jerry M. Newman
250 ## - EDITION STATEMENT
Edition statement Thirteenth Edition
260 ## - PUBLICATION, DISTRIBUTION, ETC. (IMPRINT)
Place of publication, distribution, etc. New York:
Name of publisher, distributor, etc. McGraw-Hill Education,
Date of publication, distribution, etc. ©2020.
300 ## - PHYSICAL DESCRIPTION
Extent xviii, 750 pages:
Other physical details illustrations;
Dimensions 23 cm.
500 ## - GENERAL NOTE
General note Includes glossary and index.
650 ## - SUBJECT ADDED ENTRY--TOPICAL TERM
Topical term or geographic name as entry element Compensation management.
9 (RLIN) 41668
651 ## - SUBJECT ADDED ENTRY--GEOGRAPHIC NAME
Geographic name Salaries, wages, etc.
9 (RLIN) 41669
700 ## - ADDED ENTRY--PERSONAL NAME
Personal name Newman, Jerry M.
9 (RLIN) 41670
365 ## - TRADE PRICE
Price amount 5,995.00
Currency code Php
942 ## - ADDED ENTRY ELEMENTS (KOHA)
Source of classification or shelving scheme Dewey Decimal Classification
Koha item type Circulation
Holdings
Withdrawn status Lost status Source of classification or shelving scheme Damaged status Not for loan Collection code Home library Current library Date acquired Source of acquisition Cost, normal purchase price Total Checkouts Full call number Barcode Date last seen Copy number Price effective from Koha item type
    Dewey Decimal Classification     Circulation UM Digos College - LIC UM Digos College - LIC 08/08/2019 Purchased 5995.00   DC 658.32 G315 2020 25700 05/15/2025 1 02/05/2020 Circulation